U.S. States By Last Two Letters - Statistics

General Stats
  • This quiz has been taken 32,677 times
  • The average score is 38 of 50
Answers on the Map
Answers color-coded by a green-red scale on the quiz's map according to % correct below.
 
Answer Stats
State % Correct
California
97%
Georgia
97%
Pennsylvania
97%
Virginia
97%
West Virginia
97%
Arkansas
96%
Kansas
96%
Texas
96%
Arizona
94%
Florida
94%
Indiana
94%
Louisiana
94%
Montana
94%
Nevada
94%
North Carolina
94%
South Carolina
94%
Oregon
90%
Washington
90%
Alaska
85%
Nebraska
85%
Minnesota
83%
North Dakota
83%
South Dakota
83%
New York
80%
Alabama
79%
Oklahoma
79%
Idaho
77%
Maine
75%
Michigan
72%
Colorado
69%
New Mexico
68%
Utah
67%
Ohio
62%
Illinois
61%
Wyoming
61%
Wisconsin
59%
Delaware
57%
Iowa
57%
Mississippi
57%
New Hampshire
57%
Kentucky
55%
Tennessee
54%
Maryland
53%
Rhode Island
53%
Hawaii
50%
Vermont
50%
Missouri
49%
New Jersey
48%
Massachusetts
46%
Connecticut
36%
No matching quizzes found
Score Distribution
Percent of People with Each Score
Percentile by Number Answered
Your Score History
You have not taken this quiz